Game of Thrones - Lesser Houses Tile Quiz - Statistics

General Stats
  • This quiz has been taken 33 times
  • The average score is 54 of 72
Answer Stats
Question Tile Select % Correct
The North Dayne No
100%
The North Dondarrion No
100%
The North Seaworth No
100%
The North Baelish No
97%
The North Bolton Yes
97%
The North Frey No
97%
The North Karstark Yes
93%
The Westerlands Bolton No
90%
The Reach Casterly No
90%
The Reach Payne No
90%
The Stormlands Umber No
90%
The Stormlands Bracken No
87%
Dorne Clegane No
87%
The Reach Glover No
87%
The Stormlands Greyiron No
87%
The Vale Karstark No
87%
The Reach Reyne No
87%
Dorne Selmy No
87%
The North Umber Yes
87%
The Stormlands Blackwood No
83%
Dorne Dayne Yes
83%
The Riverlands Florent No
83%
The Vale Glover No
83%
Dorne Manderly No
83%
The Vale Tarly No
83%
The Riverlands Tarth No
83%
The Westerlands Wyl No
83%
The Riverlands Bracken Yes
80%
The Riverlands Cassel No
80%
The Riverlands Costayne No
80%
The Stormlands Dondarrion Yes
80%
The Vale Drumm No
80%
The Westerlands Hightower No
80%
The Westerlands Redwyne No
80%
The Vale Royce Yes
80%
The Reach Tarly Yes
80%
Dorne Velaryon No
80%
The Iron Islands Hardyng No
77%
The Iron Islands Strong No
77%
The Iron Islands Darklyn No
73%
The North Glover Yes
73%
The Reach Hightower Yes
73%
The Westerlands Payne Yes
73%
The Iron Islands Santagar No
73%
The Riverlands Blackwood Yes
70%
The Westerlands Casterly Yes
70%
The Westerlands Clegane Yes
70%
The Westerlands Costayne No
70%
The Stormlands Drumm No
70%
The Riverlands Frey Yes
70%
The Vale Harlaw No
70%
The Reach Royce No
70%
The Stormlands Selmy Yes
70%
The Vale Baelish Yes
67%
The Iron Islands Blacktyde Yes
67%
The Iron Islands Corbray No
67%
Dorne Crakehall No
67%
The Iron Islands Saltcliffe Yes
67%
The Stormlands Tarth Yes
67%
The Reach Redwyne Yes
63%
The Vale Corbray Yes
60%
The Westerlands Reyne Yes
60%
Dorne Santagar Yes
60%
The Riverlands Webber No
60%
The Iron Islands Harlaw Yes
53%
Dorne Wyl Yes
53%
The Riverlands Strong Yes
50%
The Stormlands Seaworth Yes
47%
The Iron Islands Drumm Yes
43%
The Vale Hardyng Yes
43%
The Reach Costayne Yes
33%
Dorne Ladybright Yes
30%
No matching quizzes found
Score Distribution
Percent of People with Each Score
Percentile by Number Answered
Your Score History
You have not taken this quiz